000 00733cam a22002291 4500
001 sa 65007477
003 DLC
005 20260227112148.0
008 940105s1959 ii b b 000 0 mar
010 _asa 65007477
035 _a(OCoLC)29577953
040 _aDLC
_cNRU
_dDLC
042 _apremarc
050 0 0 _aDS485.M34
_bK5
100 1 _aKhobarekara, Viṭhṭhala Gopāḷa,
_d1923-
245 1 0 _aIṅgrajī satteviruddha Mahārāshṭrāntīla saśastra uṭhāva, 1818-1860.
_cLekhaka Viṭhala Gopāḷa Khobarekara.
260 _aMumbaī,
_bPāpyulara Buka Ḍipo,
_c1959.
300 _a7, 84 p.
_bmap.
_c22 cm.
500 _aIn Marathi.
504 _aIncludes bibliographies.
651 0 _aMaharashtra (India)
_xHistory.
999 _c65159
_d65159